000 00483nam a22001697a 4500
005 20251108175708.0
008 250721s2016 xx 000 0 ara d
082 1 4 _a811.9611/تري
100 1 _aالتريكي، نفيسة
245 1 0 _aعصارة العبارة /
264 1 _aعمان :
_bدار العنقاء للنشر و التوزيع،
_c2016.
300 _a128ص.
650 1 7 _aالشعر العربي
650 1 7 _aتونس
942 _2ddc
_cBK
999 _c140212
_d140212